书目信息 |
| 题名: |
自我论
|
|
| 作者: | 科恩 , Кон 著 ;佟景韩 译 | |
| 分册: | ||
| 出版信息: | 北京 三联书店 1986 |
|
| 页数: | 503页 | |
| 开本: | 19cm | |
| 丛书名: | 文化生活译丛 | |
| 单 册: | ||
| 中图分类: | B848 , B5 | |
| 科图分类: | ||
| 主题词: | 哲学--欧洲 , 自我意识 | |
| 电子资源: | ||
| ISBN: | ||
| 000 | 00839oam2 2200301 450 | |
| 001 | 1554652795 | |
| 005 | 20150120151124.40 | |
| 010 | @dCNY2.70 | |
| 091 | @a2002.291 | |
| 100 | @a19900724d1986 emky0chiy0110 ea | |
| 101 | 1 | @achi@crus |
| 102 | @aCN@b110000 | |
| 105 | @af z 000yy | |
| 200 | 1 | @a自我论@9zi wo lun@e个人与个人自我意识@f(苏)科恩(Кон,И.С.)著@g佟景韩译 |
| 210 | @a北京@c三联书店@d1986 | |
| 215 | @a503页@c图@d19cm | |
| 225 | 2 | @a文化生活译丛@v19 |
| 461 | 0 | @12001 @a文化生活译丛 |
| 517 | 1 | @a个人与个人自我意识@9ge ren yu ge ren zi wo yi shi |
| 606 | 0 | @a哲学@x欧洲 |
| 606 | 0 | @a自我意识 |
| 690 | @aB848@v5 | |
| 690 | @aB5@v4 | |
| 701 | 1 | @a科恩@9ke en@bИ.С.@4著 |
| 701 | 1 | @aКон@bИ.С.@4著 |
| 702 | 0 | @a佟景韩@9tong jing han@4译 |
| 801 | 0 | @aCN@bTSSF@c20150120 |
| 905 | @aZUCC@dB5@eJY29 | |
| 自我论:个人与个人自我意识/(苏)科恩(Кон,И.С.)著/佟景韩译.-北京:三联书店,1986 |
| 503页:图;19cm.-(文化生活译丛;19) |
| ISBN :CNY2.70 |
| ● |
| 相关链接 |
|
|
|
|
正题名:自我论
索取号:B5/JY29
 
预约/预借
| 序号 | 登录号 | 条形码 | 馆藏地/架位号 | 状态 | 备注 |
| 1 | 7836527 | 278365270 | 学院路分馆/ [索取号:B5/JY29] | 在馆 |